00811 2200253 4500001002100000005001500021035002000036007000300056008004100059020001800100082001400118084001400132100007500146245013600221250001200357300004300369650001200412650001200424264003400436336002100470337003000491338002300521990001300544INLIS00000000003939620220210111700 a0010-0222000035ta220210 0 ind a9789795261643 a577 ZOE p a577 ZOE p0 aZoer’aini Djamal IrwanePengarang1 aPrinsip-Prinsip Ekologi :bEkosistem, Lingkungan, dan Pelestariannya /cZoer’aini Djamal Irwan aedisi 1 axiv, 210 halaman :bilustrasi ;c21 cm 4aEkologi 4aEcology aJakarta :bBumi Aksara,c2019 2rdacontentaTeks 2rdamediaaTanpa Perantara 2rdacarrieraVolume a21/00576